The Birds of British Somaliland and the Gulf of Aden : Their Life Histiries, Breeding, Habits and Eggs Vol I and II: Accn. No. 10862 Vol I (Record no. 593796)

MARC details
000 -LEADER
fixed length control field 00729nam a2200145Ia 4500
008 - FIXED-LENGTH DATA ELEMENTS--GENERAL INFORMATION
fixed length control field 100415s9999 xx 000 0 und d
082 ## - DEWEY DECIMAL CLASSIFICATION NUMBER
Item number 10870
Classification number 598.2(60)
100 ## - MAIN ENTRY--PERSONAL NAME
Personal name ARCHER, GEOFFREY
245 ## - TITLE STATEMENT
Title The Birds of British Somaliland and the Gulf of Aden : Their Life Histiries, Breeding, Habits and Eggs Vol I and II: Accn. No. 10862 Vol I
260 ## - PUBLICATION, DISTRIBUTION, ETC. (IMPRINT)
Place of publication, distribution, etc LONDON
Date of publication, distribution, etc 1937
Name of publisher, distributor, etc GURNEY AND JACKSON
365 ## - TRADE PRICE
Price amount 0
630 ## - SUBJECT ADDED ENTRY--UNIFORM TITLE
Uniform title The Birds of British Somaliland and the Gulf of Aden : Their Life Histiries, Breeding, Habits and Eggs Vol I and II: Accn. No. 10862 Vol I
730 ## - ADDED ENTRY--UNIFORM TITLE
Uniform title The Birds of British Somaliland and the Gulf of Aden : Their Life Histiries, Breeding, Habits and Eggs Vol I and II: Accn. No. 10862 Vol I
942 ## - ADDED ENTRY ELEMENTS (KOHA)
Koha item type Book
Holdings
Withdrawn status Lost status Damaged status Not for loan Home library Current library Date acquired Cost, normal purchase price Total Checkouts Full call number Barcode Date last seen Price effective from Koha item type
        Bombay Natural History Society Bombay Natural History Society 02/03/1998 0.00   598.2(60) 10870 BNHS-10870 04/15/2010 04/15/2010 Book